MDQL
is popping MORE tags! Check the
thread
!
Quizzes
Events
Quiz Creation
Community
Videos
Private Events
Remove Ads
Sign In
Join for FREE
Feedback
Dark Mode
Quiz Categories
Sports
Geography
Music
Movies
Television
Just For Fun
Miscellaneous
History
Literature
Language
Science
Gaming
Entertainment
Religion
Holiday
For Kids
Quiz Lab
Recent
Popular Today
Quiz Kudos Today
Editor Picks
Curator Picks
Quizzes by...
Day
Popularity
Type
Ratings
Length
Year
Community
Subscriptions
Recent Discussions
Orange Saloon
Badges
Playlists
Quests
Create
Leaderboards
Showdown
Live 5
Trivia Bingo
Activity
Puzzle Library
Sporcle Events
Private Events
Virtual Trivia
Globe League
Become a Host
Pub Owners
SporcleCon
Opinionation
Our Games
Videos
Blog
Mobile Apps
Partnerships
Remove Ads and Go Orange
Feedback
Music
Pop Music
The Beatles
Song
Album
Lyrics
Bands
Singers
Artist
Clip
Rock
Rap
Classical
Billboard
Country Music
Kpop
Taylor Swift
Music
Pop Music
The Beatles
Song
Album
Lyrics
Bands
Singers
Artist
Clip
Rock
Rap
Classical
Billboard
Country Music
Kpop
Taylor Swift
Random Quiz
Search Sporcle
×
Quiz Lab
Quiz Lab
Music
Comic Books
Type in answers that appear in a list
Type in answers that appear in a list
Classic
Best Score? Go Orange.
Gilbert and Sullivan Patter Leads Stats
Can you name the Gilbert and Sullivan Patter Leads?
By
mjsax2390
10m
14 Questions
165 Plays
165 Plays
165 Plays
Comments
Comments
Give Quiz Kudos
Give Quiz Kudos
-
- Ratings
hide this ad
Replay
Link that replays current quiz
Next Quiz
Link to next quiz in quiz playlist
You Got
0%
They Got
Avg Score
57%
Avg Friend Score
Upgrade to see
Score Distribution
Jump to the score distribution portion of the page
Score
0/14
Timer
10:00
0
Plays Today
Operetta
Comic Lead
% Correct
The Pirates of Penzance
Major General
92.1%
The Mikado
Koko
83.6%
The Sorcerer
John Wellington Wells
80%
H.M.S. Pinafore
Sir Joseph Porter, K.C.B.
72.7%
Iolanthe
Lord Chancellor
65.5%
The Yeomen of the Guard
Jack Point
63%
Princess Ida
King Gama
62.4%
Operetta
Comic Lead
% Correct
The Gondoliers
The Duke of Plaza Toro
58.8%
Trial By Jury
Learned Judge
57.6%
Patience
Reginald Bunthorne
56.4%
Ruddigore
Sir Ruthven Murgatroyd
45.5%
Utopia, Limited
Scaphio
24.8%
Utopia, Limited
Phantis
24.2%
The Grand Duke
Grand Duke Rudolph
19.4%
Quiz Playlist
Details
Report
Send in Message
Add To Playlist
Classic:
Type in answers that appear in a list
Last Updated: Feb 16, 2017
Quiz Scoreboard
CHALLENGE
Sign Up to Join the Scoreboard
Show All
Scores
Hide
Comments
May contain spoilers
Recently Published
Two Season TV Shows II
by 123Four
Television
10m
Image Sorting: Flags VI
by Barbecue
Geography
2m
Find the 'City' Movie
by crazypaving
Movies
60s
More to Explore
Quiz From the Vault
Featured Blog Post
14 Easter Pick-up Lines to Find Eggs With
hide this ad
You Might Also Like...
Tags
Comic Books Quiz
Gilbert
lead
Operetta
Sullivan
Today's Top Quizzes in Music
Browse Music
hide this ad
Today's Top Quizzes in Comic Books
Browse Comic Books
Top Contributed Quizzes in Music
1
5X2 Blitz: Bands II
2
5X2 Blitz: The Beatles
3
Taylor Swift All Songs (2024)
4
5X2 Blitz: Billboard
5
5X2 Blitz: Billboard II
6
5X2 Blitz: Album
7
5X2 Blitz: Singers
8
5X2 Blitz: Rock
9
Music Artist by Three 2010s hits
10
5X2 Blitz: Lyrics
Explore More
Trending Topics
NBA
Anime
Harry Potter
Disney
Marvel
Kpop
Crossword
NFL
Pokémon
Song
Country
Soccer
Puzzle
The Office
WWE
hide this ad
More By:
mjsax2390
Quiz
Plays
Rating
Category
Featured
Created
Cincinnati Suburbs (Cities/Towns in Hamilton County, OH)
303
5.00
Geography
Aug 27, 2011
Operas with 400 or more performances at the Met
278
5.00
Music
Dec 24, 2011
MLB Team Name on Away Jersey
237
3.11
Sports
Jun 2, 2010
20 Greatest Conductors of all time
235
5.00
Music
Nov 3, 2011
Gilbert and Sullivan Contralto Roles
185
4.50
Music
Jan 7, 2010
Go to Creator's Profile
Score Distribution
Quiz Creator Spotlight
mjsax2390
Follow
Send a Message
Quizzes Created
-
Created Quiz Play Count
-
More By This Creator
Popular Quizzes Today
1
Find the US States - No Outlines Minefield
2
Colored Red Africa Blitz
3
Find the 'City' Movie
4
5x2 Blitz: Bands
5
The Countries of the World
6
Find the Countries of Europe - No Outlines Minefield
7
Find the US States
8
US States
More Music Quizzes
Bands/Artists From Essex
Quiz Lab
Trending Quizzes
Colored Red Europe Blitz I
Colored Red Africa Blitz II
Colored Red Europe Blitz II
Colored Red Europe Blitz III
Colored Red Africa Blitz III
Recently Updated
How Do You Spell That?
pecheneg
Godzilla Movies
pecheneg
Grab Bag: 4-10 Letters
pecheneg
2024 March Madness Bracket
pecheneg
Famous TV Couples
Peacemaker
Champions League XIs: Real Madrid
pecheneg
Largest US Cities 1790-2010
pecheneg
Rides in Walt Disney World
pecheneg
Most Oscar Losses (Acting)
pecheneg
Beyoncé Albums
pecheneg
Trending Topics
Crossword
Kpop
NBA
Anime
Marvel
Disney
Harry Potter
Song
NFL
Pokémon
Soccer
The Office
WWE
Country
Puzzle
Your Account Isn't Verified!
In order to create a playlist on Sporcle, you need to verify the email address you used during registration. Go to your
Sporcle Settings
to finish the process.
Report this User
Report this user for behavior that violates our
Community Guidelines
.
Details:
Send Report
Go to the Sporcle.com Mobile Site →
Comments